书目信息 |
| 题名: |
以德为先选干部
|
|
| 作者: | 李敏生 , 贺茂之 , 范永胜 主编 | |
| 分册: | ||
| 出版信息: | 北京 中共中央党校出版社 2010.01 |
|
| 页数: | 269页 | |
| 开本: | 20cm | |
| 丛书名: | ||
| 单 册: | ||
| 中图分类: | D262.3 | |
| 科图分类: | ||
| 主题词: | 中国共产党 | |
| 电子资源: | ||
| ISBN: | 7-5035-4245-4 | |
| 000 | 00808nam0 2200229 450 | |
| 001 | 2631275263 | |
| 005 | 20260414084505.87 | |
| 010 | @a7-5035-4245-4@dCNY35.00 | |
| 100 | @a20260414d2010 km y0chiy0120 ea | |
| 101 | 0 | @achi |
| 102 | @aCN@b110000 | |
| 200 | 1 | @a以德为先选干部@AYi De Wei Xian Xuan Gan Bu@e治官之道的理论与实践@f李敏生,贺茂之,范永胜主编@FLi Min Sheng,He Mao Zhi,Fan Yong Sheng Zhu Bian |
| 210 | @a北京@c中共中央党校出版社@d2010.01 | |
| 215 | @a269页@d20cm | |
| 517 | 1 | @a治官之道的理论与实践@AZhi Guan Zhi Dao De Li Lun Yu Shi Jian |
| 606 | 0 | @a中国共产党 |
| 690 | @aD262.3@v4 | |
| 701 | 0 | @a李敏生@ALi Min Sheng@4主编 |
| 701 | 0 | @a贺茂之@AHe Mao Zhi@4主编 |
| 701 | 0 | @a范永胜@AFan Yong Sheng@4主编 |
| 801 | 0 | @aCN@b大连网信软件有限公司图书馆·11@c20260414 |
| 905 | @aZUCC@dD262.3@e2284 | |
| 以德为先选干部:治官之道的理论与实践/李敏生,贺茂之,范永胜主编.-北京:中共中央党校出版社,2010.01 |
| 269页;20cm |
| ISBN 7-5035-4245-4:CNY35.00 |
| ● |
| 相关链接 |
|
|
|
|
正题名:以德为先选干部
索取号:D262.3/2284
 
预约/预借
| 序号 | 登录号 | 条形码 | 馆藏地/架位号 | 状态 | 备注 |
| 1 | 1442636 | 214426361 | 第一样本阅览室/ [索取号:D262.3/2284] | 在馆 |